|
|
|
|
| LEADER |
00000cam a2200000 7i4500 |
| 001 |
0000080660 |
| 005 |
20040329.0 |
| 020 |
|
|
|a 9835920885
|
| 090 |
0 |
0 |
|a 530
|b LIM
|
| 100 |
0 |
|
|a Lim Peng Chew
|
| 245 |
1 |
0 |
|a Fizik tingkatan 4 & 5
|c Lim Peng Chew, Lim Ching Chai, Toh Kim Kau
|
| 260 |
|
|
|a Petaling Jaya :
|b Sasbadi Sdn. Bhd. ,
|c 2004
|
| 300 |
|
|
|a 488p. ;
|c 26cm.
|
| 490 |
0 |
|
|a Master Studi Sasbadi SPM
|
| 650 |
0 |
0 |
|a Physics
|x SPM
|
| 700 |
0 |
|
|a Lim Ching Chai
|
| 700 |
0 |
|
|a Toh Kim Kau
|
| 999 |
|
|
|a 00169694
|b BUKU
|c RUJUKAN
|e PERPUSTAKAAN KOMUNITI PETALING JAYA
|
| 999 |
|
|
|a 00169695
|b BUKU
|c RUJUKAN
|e PERPUSTAKAAN KOMUNITI PETALING JAYA
|